| 000 | 00353cam a2200133 a 4500 | ||
|---|---|---|---|
| 082 | 0 | 0 |
_a674.2 _bSAW |
| 100 |
_aArmy pak _945097 |
||
| 245 | 0 | 0 |
_aSaws, portable, petrol driven 39 inch _bPak army |
| 260 |
_aPakistan: _cc1940. |
||
| 300 |
_a24+ p. : _bill. ; _c24 cm. |
||
| 526 |
_a0 _b0 _c0 _d674_200000000000000_SAW |
||
| 650 | 0 |
_aMCE _9379 |
|
| 942 |
_2ddc _cBK |
||
| 999 |
_c548696 _d548696 |
||